| 000 | 00591nam a2200229 a 4500 | ||
|---|---|---|---|
| 001 | BRL_988 | ||
| 005 | 20190320211001.0 | ||
| 008 | 301013s1961----mx-#######---#000-1#spa-# | ||
| 041 | _aspa | ||
| 044 | _amx | ||
| 050 | 4 |
_aPQ7297 _b.L48 61 1961 |
|
| 100 | 1 |
_aSpota, Luis _925507 |
|
| 245 | 1 | 0 |
_aEl tiempo de la ira _cpor Luis Spota. |
| 250 | _a2a ed. | ||
| 260 |
_aMéxico _bFondo de Cultura Económica _c1961 |
||
| 300 |
_a559 p. _c18 cm. |
||
| 440 | 0 |
_aLetras mexicanas _v61 _925508 |
|
| 500 | _aAu1083 | ||
| 650 | 1 | 4 |
_anovela mexicana _ySiglo XX _923904 |
| 902 | _aGRL | ||
| 942 |
_2lcc _cB |
||
| 999 |
_c9800 _d9800 |
||